SCHWER - Deutsche Landkreise und Kreisfreie Städte Deutschlands - Statistiken

Allgemein
  • Dieses Quiz wurde 126 mal gespielt
  • Das Durchschnittsergebnis liegt bei 218 aus 402
Antworten auf der Karte
Die Antworten werden auf der Karte rot bzw. grün angezeigt, abhängig davon wie oft sie richtig erraten wurden.
 
Antwortstatistiken
Landkreis % Korrekt
Berlin
80%
Kiel
78%
Köln
78%
München
78%
Fürth
76%
Hamburg
76%
Jena
76%
Bremen
73%
Erfurt
73%
Leipzig
73%
Magdeburg
73%
Nürnberg
73%
Osnabrück
73%
Bochum
71%
Dortmund
71%
Dresden
71%
Düsseldorf
71%
Essen
71%
Potsdam
71%
Ulm
71%
Cottbus
69%
Duisburg
69%
Erlangen
69%
Gelsenkirchen
69%
Gera
69%
Münster
69%
Rosenheim
69%
Rostock
69%
Schwerin
69%
Würzburg
69%
Braunschweig
67%
Flensburg
67%
Frankfurt am Main
67%
Gütersloh
67%
Ingolstadt
67%
Karlsruhe
67%
Kassel
67%
Krefeld
67%
Mannheim
67%
Passau
67%
Regen
67%
Regensburg
67%
Stuttgart
67%
Augsburg
64%
Bamberg
64%
Bielefeld
64%
Bonn
64%
Chemnitz
64%
Göttingen
64%
Göttingen (ehemals Osterode am Harz)
64%
Herne
64%
Konstanz
64%
Mainz
64%
Memmingen
64%
Oldenburg
64%
Oldenburg (Oldb)
64%
Ravensburg
64%
Recklinghausen
64%
Schweinfurt
64%
Wolfsburg
64%
Aschaffenburg
62%
Emden
62%
Gießen
62%
Hamm
62%
Heidelberg
62%
Hildesheim
62%
Hof
62%
Kaiserslautern
62%
Kempten (Allgäu)
62%
Koblenz
62%
Leverkusen
62%
Mönchengladbach
62%
Paderborn
62%
Pforzheim
62%
Salzgitter
62%
Solingen
62%
Weimar
62%
Wiesbaden
62%
Wuppertal
62%
Amberg
60%
Ansbach
60%
Baden-Baden
60%
Bayreuth
60%
Böblingen
60%
Bremerhaven
60%
Coburg
60%
Fulda
60%
Görlitz
60%
Kitzingen
60%
Lübeck
60%
Oberhausen
60%
Offenbach
60%
Speyer
60%
Unna
60%
Wilhelmshaven
60%
Zwickau
60%
Bad Kissingen
58%
Bodenseekreis
58%
Celle
58%
Cuxhaven
58%
Darmstadt
58%
Emsland
58%
Hagen
58%
Heidenheim
58%
Heilbronn
58%
Kulmbach
58%
Landshut
58%
Meißen
58%
Neu-Ulm
58%
Peine
58%
Pinneberg
58%
Reutlingen
58%
Roth
58%
Schwabach
58%
Sonneberg
58%
Straubing
58%
Trier
58%
Tübingen
58%
Altötting
56%
Aurich
56%
Bottrop
56%
Deggendorf
56%
Esslingen
56%
Forchheim
56%
Freising
56%
Goslar
56%
Gotha
56%
Halle (Saale)
56%
Höxter
56%
Kaufbeuren
56%
Kleve
56%
Kronach
56%
Leer
56%
Lichtenfels
56%
Lindau (Bodensee)
56%
Ludwigsburg
56%
Lüneburg
56%
Main-Spessart
56%
Miltenberg
56%
Mittelsachsen
56%
Neumünster
56%
Remscheid
56%
Rottweil
56%
Soest
56%
Stendal
56%
Suhl
56%
Traunstein
56%
Uckermark
56%
Uelzen
56%
Unterallgäu
56%
Viersen
56%
Zweibrücken
56%
Bautzen
53%
Cham
53%
Coesfeld
53%
Dachau
53%
Delmenhorst
53%
Erding
53%
Euskirchen
53%
Fürstenfeldbruck
53%
Göppingen
53%
Harz
53%
Haßberge
53%
Havelland
53%
Herford
53%
Landau in der Pfalz
53%
Lörrach
53%
Mecklenburgische Seenplatte
53%
Mettmann
53%
Miesbach
53%
Neckar-Odenwald-Kreis
53%
Nordfriesland
53%
Oberallgäu
53%
Ostallgäu
53%
Pirmasens
53%
Rastatt
53%
Rhein-Kreis Neuss
53%
Rhön-Grabfeld
53%
Rottal-Inn
53%
Salzlandkreis
53%
Schwandorf
53%
Stade
53%
Starnberg
53%
Weiden in der Oberpfalz
53%
Wittenberg
53%
Ahrweiler
51%
Bad Kreuznach
51%
Biberach
51%
Cloppenburg
51%
Dessau-Roßlau
51%
Donau-Ries
51%
Düren
51%
Emmendingen
51%
Frankenthal (Pfalz)
51%
Freiburg im Breisgau
51%
Friesland
51%
Germersheim
51%
Hohenlohekreis
51%
Lippe
51%
Main-Kinzig-Kreis
51%
Mühldorf am Inn
51%
Neuwied
51%
Nordhausen
51%
Nordsachsen
51%
Northeim
51%
Odenwaldkreis
51%
Ostalbkreis
51%
Rhein-Neckar-Kreis
51%
Saalekreis
51%
Schaumburg
51%
Sigmaringen
51%
Steinfurt
51%
Tuttlingen
51%
Verden
51%
Vogelsbergkreis
51%
Warendorf
51%
Wolfenbüttel
51%
Worms
51%
Alb-Donau-Kreis
49%
Bad Tölz-Wolfratshausen
49%
Berchtesgadener Land
49%
Börde
49%
Calw
49%
Dithmarschen
49%
Ebersberg
49%
Eichsfeld
49%
Enzkreis
49%
Erlangen-Höchstadt
49%
Frankfurt (Oder)
49%
Freudenstadt
49%
Garmisch-Partenkirchen
49%
Greiz
49%
Groß-Gerau
49%
Günzburg
49%
Harburg
49%
Helmstedt
49%
Herzogtum Lauenburg
49%
Hochsauerlandkreis
49%
Ilm-Kreis
49%
Kelheim
49%
Landsberg am Lech
49%
Main-Tauber-Kreis
49%
Main-Taunus-Kreis
49%
Mülheim an der Ruhr
49%
Neumarkt in der Oberpfalz
49%
Nürnberger Land
49%
Oder-Spree
49%
Ostholstein
49%
Plön
49%
Prignitz
49%
Rhein-Hunsrück-Kreis
49%
Rhein-Sieg-Kreis
49%
Rotenburg (Wümme)
49%
Saale-Orla-Kreis
49%
Saarlouis
49%
Schmalkalden-Meiningen
49%
Schwäbisch-Hall
49%
Schwarzwald-Baar-Kreis
49%
Vechta
49%
Vogtlandkreis
49%
Vulkaneifel
49%
Weilheim-Schongau
49%
Wesel
49%
Westerwaldkreis
49%
Amberg-Sulzbach
47%
Ammerland
47%
Anhalt-Bitterfeld
47%
Bad Dürkheim
47%
Barnim
47%
Bergstraße
47%
Birkenfeld
47%
Brandenburg an der Havel
47%
Breisgau-Hochschwarzwald
47%
Burgenlandkreis
47%
Dahme-Spreewald
47%
Diepholz
47%
Eichstätt
47%
Elbe-Elster
47%
Hameln-Pyrmont
47%
Heinsberg
47%
Hochtaunuskreis
47%
Holzminden
47%
Kusel
47%
Lahn-Dill-Kreis
47%
Mainz-Bingen
47%
Mayen-Koblenz
47%
Neunkirchen
47%
Neustadt an der Waldnaab
47%
Nordwestmecklenburg
47%
Oberbergischer Kreis
47%
Olpe
47%
Ortenaukreis
47%
Region Hannover
47%
Rems-Murr-Kreis
47%
Rhein-Erft-Kreis
47%
Rheinisch-Bergischer Kreis
47%
Rhein-Pfalz-Kreis
47%
Saale-Holzland-Kreis
47%
Segeberg
47%
Spree-Neiße
47%
Steinburg
47%
Stormarn
47%
Tirschenreuth
47%
Waldshut
47%
Wartburgkreis
47%
Wartburgkreis (Eisenach)
47%
Weimarer Land
47%
Werra-Meißner-Kreis
47%
Wesermarsch
47%
Wetteraukreis
47%
Wittmund
47%
Zollernalbkreis
47%
Aichach-Friedberg
44%
Altenburger Land
44%
Altenkirchen (Westerwald)
44%
Alzey-Worms
44%
Borken
44%
Donnersbergkreis
44%
Freyung-Grafenau
44%
Gifhorn
44%
Grafschaft Bentheim
44%
Heidekreis
44%
Jerichower Land
44%
Lüchow-Dannenberg
44%
Ludwigshafen am Rhein
44%
Marburg-Biedenkopf
44%
Märkischer Kreis
44%
Neustadt an der Weinstraße
44%
Nienburg/Weser
44%
Oberhavel
44%
Oberspreewald-Lausitz
44%
Osterholz
44%
Pfaffenhofen an der Ilm
44%
Rheingau-Taunus-Kreis
44%
Sächsische Schweiz-Osterzgebirge
44%
Schwalm-Eder-Kreis
44%
Siegen-Wittgenstein
44%
Sömmerda
44%
Straubing-Bogen
44%
Südliche Weinstraße
44%
Südwestpfalz
44%
Teltow-Fläming
44%
Vorpommern-Greifswald
44%
Weißenburg-Gunzenhausen
44%
Altmarkkreis Salzwedel
42%
Cochem-Zell
42%
Dillingen an der Donau
42%
Dingolfing-Landau
42%
Ennepe-Ruhr-Kreis
42%
Erzgebirgskreis
42%
Hildburghausen
42%
Kyffhäuserkreis
42%
Märkisch-Oderland
42%
Neuburg-Schrobenhausen
42%
Potsdam-Mittelmark
42%
Rhein-Lahn-Kreis
42%
Saarpfalz-Kreis
42%
Schleswig-Flensburg
42%
St. Wendel
42%
Unstrut-Hainich-Kreis
42%
Vorpommern-Rügen
42%
Bernkastel-Wittlich
40%
Darmstadt-Dieburg
40%
Eifelkreis Bitburg-Prüm
40%
Hersfeld-Rotenburg
40%
Limburg-Weilburg
40%
Ludwigslust-Parchim
40%
Mansfeld-Südharz
40%
Minden-Lübbecke
40%
Neustadt an der Aisch-Bad Windsheim
40%
Rendsburg-Eckernförde
40%
Städteregion Aachen
40%
Waldeck-Frankenberg
40%
Wunsiedel im Fichtelgebirge
40%
Offenbach am Main
38%
Ostprignitz-Ruppin
38%
Regionalverband Saarbrücken
38%
Saalfeld-Rudolstadt
38%
Trier-Saarburg
36%
Merzig-Wadern
31%
Keine übereinstimmenden Quizze gefunden
Verteilung der Resultate
Anzahl Personen mit jedem Resultat
Perzentil nach korrekt beantworteten Fragen
Ihre Resultats-Entwicklung
Sie haben dieses Quiz noch nicht gespielt